Flor de caballerías / (Record no. 196029)

MARC details
000 -LEADER
campo de control de longitud fija 01788nam a2200493 i 4500
001 - NÚMERO DE CONTROL
campo de control 196029
003 - IDENTIFICADOR DE NÚMERO DE CONTROL
campo de control ES-MaACL
005 - FECHA Y HORA DE LA ÚLTIMA TRANSACCIÓN
campo de control 20250720091909.0
008 - DATOS DE LONGITUD FIJA--INFORMACIÓN GENERAL
campo de control de longitud fija 240810s1997 sp | ||| ||spa
016 7# - NÚMERO DE CONTROL DE UNA AGENCIA BIBLIOGRÁFICA NACIONAL
Número de control del registro bimoBNE19995141258
Fuente SpMaBN
016 ## - NÚMERO DE CONTROL DE UNA AGENCIA BIBLIOGRÁFICA NACIONAL
Número de control del registro BNE19994311469
016 ## - NÚMERO DE CONTROL DE UNA AGENCIA BIBLIOGRÁFICA NACIONAL
Número de control del registro BNE19994291523
016 ## - NÚMERO DE CONTROL DE UNA AGENCIA BIBLIOGRÁFICA NACIONAL
Número de control del registro BNE20004067715
017 ## - NÚMERO DE COPYRIGHT O DE DEPÓSITO LEGAL
Número de copyright o de depósito legal M 45781-1997
Agencia que asigna Oficina Depósito Legal Madrid
020 ## - NÚMERO INTERNACIONAL ESTÁNDAR DEL LIBRO
Número Internacional Estándar del Libro 8488333196
035 ## - NÚMERO DE CONTROL DEL SISTEMA
Número de control de sistema (OCoLC)215072229
035 ## - NÚMERO DE CONTROL DEL SISTEMA
Número de control de sistema (SpMaBN)bimo0001259894
035 ## - NÚMERO DE CONTROL DEL SISTEMA
Número de control de sistema 28176960-34bne_inst
035 ## - NÚMERO DE CONTROL DEL SISTEMA
Número de control de sistema 28176958-34bne_inst
035 ## - NÚMERO DE CONTROL DEL SISTEMA
Número de control de sistema 28176959-34bne_inst
035 ## - NÚMERO DE CONTROL DEL SISTEMA
Número de control de sistema 991051668929708606
040 ## - FUENTE DE CATALOGACIÓN
Centro catalogador/agencia de origen SpMaBN
Lengua de catalogación spa
Centro/agencia transcriptor SpMaBN
Normas de descripción rdc
040 ## - FUENTE DE CATALOGACIÓN
Centro catalogador/agencia de origen SpMaBN-R
Lengua de catalogación spa
Centro/agencia transcriptor SpMaBN
040 ## - FUENTE DE CATALOGACIÓN
Centro catalogador/agencia de origen SpMaBN-R
Lengua de catalogación spa
Centro/agencia transcriptor SpMaBN
080 ## - NÚMERO DE LA CLASIFICACIÓN DECIMAL UNIVERSAL
Número de la Clasificación Decimal Universal 821.134.2-392"15"
080 ## - NÚMERO DE LA CLASIFICACIÓN DECIMAL UNIVERSAL
Número de la Clasificación Decimal Universal 821.134.2-311
100 ## - ENTRADA PRINCIPAL--NOMBRE DE PERSONA
Nombre de persona Barahona, Francisco,
Fechas asociadas al nombre s. XVI
9 (RLIN) 238021
Término indicativo de función/relación Autor
240 10 - TÍTULO UNIFORME
Título uniforme Flor de caballerías
245 10 - MENCIÓN DEL TÍTULO
Título Flor de caballerías /
Mención de responsabilidad, etc. Francisco Barahona ; edición de José Manuel Lucía Megías.
260 ## - PUBLICACIÓN, DISTRIBUCIÓN, ETC.
Lugar de publicación, distribución, etc. Alcalá de Henares :
Nombre del editor, distribuidor, etc. Centro de Estudios Cervantinos,
Fecha de publicación, distribución, etc. 1997.
300 ## - DESCRIPCIÓN FÍSICA
Extensión XL, 282 p. :
Otras características físicas il. ;
Dimensiones 24 cm.
336 ## - TIPO DE CONTENIDO
Fuente rdacontent
Término de tipo de contenido texto
337 ## - TIPO DE MEDIO
Fuente rdamedia
Nombre/término del tipo de medio sin mediación
338 ## - TIPO DE SOPORTE
Fuente rdacarrier
Nombre/término del tipo de soporte volumen
490 1# - MENCIÓN DE SERIE
Mención de serie Los libros de Rocinante ;
Designación de volumen o secuencia 2
700 1# - ENTRADA AGREGADA--NOMBRE PERSONAL
Nombre de persona Lucía Megías, José Manuel,
Fechas asociadas al nombre 1967-
Término indicativo de función/relación Editor literario
9 (RLIN) 240291
830 ## - PUNTO DE ACCESO ADICIONAL DE SERIE-TÍTULO UNIFORME
9 (RLIN) 238022
Título uniforme Los libros de Rocinante ;
Designación de volumen o secuencia 2
852 ## - LOCALIZACIÓN
Ubicación ES-MaACL
Sublocalización o colección R.154514
Ubicación en estantería Depósito J
Número de control de estantería N-9156
Donativo/Legado Donación: Editorial
Encuadernación Encuadernación rústica con solapas
itemnumber 205053
883 1# - PROCEDENCIA DE METADATOS
Proceso de creación Cotejo registros de fondos y signatura-ítem
Fecha de creación 20220521
942 ## - ELEMENTOS DE ENTRADA SECUNDARIOS (KOHA)
Tipo de ítem Koha Libro impreso
Suprimir en OPAC No
Holdings
Estatus retirado Estado de pérdida Fuente del sistema de clasificación o colocación Estado de daño No para préstamo Biblioteca de origen Biblioteca actual Ubicación en estantería Fecha de adquisición Fuente de adquisición Total de préstamos Signatura topográfica completa Código de barras Visto por última vez Precio de reemplazo Tipo de ítem Koha
    Clasificación decimal universal     Biblioteca del Ateneo de Madrid Biblioteca del Ateneo de Madrid Depósito J 25/04/2025 Donación   N-9156 101229897 25/04/2025 25/04/2025 Libro impreso